Deltarune OST - Statistics

General Stats
  • This quiz has been taken 227 times
  • The average score is 92 of 165
Answer Stats
Answer % Correct
09 C
96%
33 THE WORLD REVOLVING
93%
10 Rude Buster
90%
24 Vs. Susie
90%
13 Field of Hopes and Dreams
89%
39 BIG SHOT
88%
04 Susie
88%
30 Chaos King
86%
09 Lancer
86%
05 Queen
86%
14 Berdly
84%
30 Black Knife
84%
11 Ruder Buster
84%
08 The Legend
84%
35 The LEGEND...?
84%
27 It's TV Time!
83%
30 Lost Girl
82%
20 Hammer of Justice
80%
03 School
80%
22 The Second Sanctuary
80%
22 Spamton
79%
25 The Third Sanctuary
79%
06 A CYBER'S WORLD?
78%
32 Attack of the Killer Queen
78%
19 Scarlet Forest
78%
01 ANOTHER HIM
77%
39 Don't Forget
77%
26 TV WORLD
76%
21 Vs. Lancer
76%
23 NOW'S YOUR CHANCE TO BE A
75%
30 GUARDIAN
74%
32 The Circus
74%
25 Card Castle
71%
11 Dark Sanctuary
71%
02 Girl Next Door
71%
15 Smart Race
71%
38 | 44 You Can Always Come Home
71%
04 MIKE, the BOARD, please!
70%
26 Pandora Palace
70%
11 Empty Town
68%
07 The Chase
68%
15 A DARK ZONE
66%
03 My Castle Town
66%
05 The Door
66%
02 Beginning
65%
20 Raise Up Your Bat
65%
37 A Town Called Hometown
64%
37 ERAM
64%
28 Hip Shop
64%
26 Rouxls Kaard
64%
17 WELCOME TO THE CITY
64%
29 It's Pronounced "Rules"
63%
42 sans.
62%
29 SPAWN
62%
15 Vapor Buster
62%
15 Lantern
61%
17 Checker Dance
60%
35 Knock You Down !!
60%
32 The place where it rained
60%
41 Dialtone
58%
31 Ferris Wheel
58%
13 Gyaa Ha ha!
58%
31 Need a hand!?
58%
35 THE HOLY
58%
02 Feature Presentation
57%
35 GLACEIR
57%
33 SWORD
57%
12 Weird Birds
57%
28 Acid Tunnel of Love
55%
38 BURNING EYES
55%
24 Doom Board
55%
29 Gallery
55%
03 Another day in hometown
54%
40 A Real Boy!
54%
22 Basement
54%
01 Flashback (Excerpt)
54%
12 From Now On (Battle 2)
54%
40 Before the Story
53%
46 Before The Story
53%
04 Friends
53%
05 Sandy Board
53%
14 Welcome to the Green Room
53%
12 When I Get Happy I Dance Like This
53%
07 Gingerbread House
52%
02 Hymn
52%
12 Physical Challenge
52%
21 12am
51%
27 April 2012
51%
38 Catswing
51%
06 Cliffs
51%
21 HEY EVERY !
51%
08 The distance between two
51%
33 The Ol' Jitterbug
51%
20 Thrash Machine
51%
34 Friendship
50%
10 When I Get Mad I Dance Like This
50%
24 13am
49%
11 Cyber Battle (Solo)
49%
32 Dump
49%
10 ATRIUM
48%
05 Castle Funk
48%
14 Fireplace
48%
16 Paradise, Paradise
48%
06 Adventure Board
47%
29 Breath
47%
38 Deal Gone Wrong
47%
14 Fanfare (from "Rose of Winter")
47%
28 Hall of Fame
47%
36 Your Power
47%
37 Digital Roots
46%
25 Metaphysical Challenge
46%
04 Ohhhhohohoho!
46%
45 Until Next Time
46%
09 Dig! Dig! To The Center of the Earth!
45%
34 Neverending Night
45%
34 NORTHERNLIGHT
45%
01 Old wooden rafters
45%
18 Quiet Autumn
45%
39 Air Waves
43%
20 Cool Mixtape
43%
08 Quiz!
43%
33 Giga Size
42%
16 I'm Very Bad
42%
27 KEYGEN
42%
23 Big City Board
41%
28 Crumbling Tower
41%
31 Darkness Falls
41%
01 Faint Glow
41%
19 Sound Check
41%
24 Elegant Entrance
40%
07 Query?
40%
23 Ripple
40%
03 And Now For Today's Sponsors...!
39%
09 Cool Beat
39%
31 Crickets
39%
26 Dark Place
39%
17 Ever Higher
39%
23 Imminent Death
39%
18 SOUTH OF THE BORDER!!
39%
08 Almost to the Guys!
38%
25 Bluebird of Misfortune
38%
19 Holiday Studio
38%
36 The Dark Truth
38%
36 BIT ROOTS
37%
22 Glowing Snow
37%
19 Piano that may not be played that well
37%
17 Raft Ride
37%
18 Wise words
37%
40 Concert for you
36%
16 Faint Courage (Game Over)
36%
34 Powers Combined
36%
10 Pushing Buddies
35%
21 KING OF ROLYPOLY
34%
18 Mini Studio
33%
07 A Simple Diversion
32%
47 Berdly (Rejected Concept)
32%
06 Knock You Down!! (Rhythm Ver.)
32%
13 Sound Studio
32%
36 With Hope Crossed On Our Hearts
32%
13 Board Clear!
28%
27 Heavy Footsteps
28%
43 Chill Jailbreak Alarm to Study and Relax to
27%
37 Volume Adjustment
27%
16 Mysterious Ringing
24%
No matching quizzes found
Score Distribution
Percent of People with Each Score
Percentile by Number Answered
Your Score History
You have not taken this quiz